Statistiques concernant Films de Quentin Tarantino par image

Cliquez ici pour prendre le quiz!

Statistiques générales

  • Ce quiz a été pris 614 fois
  • Le résultat moyen est 6 sur 8

Statistiques - réponses

Réponse% Correct
Kill Bill
97%
Pulp Fiction
95%
Django Unchained
87%
Once Upon a Time… in Hollywood
81%
Reservoir Dogs
69%
Les Huit Salopards
56%
Inglourious Basterds
51%
Boulevard de la mort
35%

Distribution des résultats

Percentile par nombre de réponses

% des personnes avec chaque résultat

Votre développement - résultats

Vous n’avez pas pris ce quiz